000 00575nam a2200229Ia 4500
003 OSt
005 20220918174109.0
006 a|||||r|||| 00| 0
007 ta
008 220917b |||||||| |||| 00| 0 eng d
024 _a10,385
037 _cTextual
040 _aARTS
_cARTS
_beng
041 _2eng
_aeng
082 _aQ7:458.28292, J0
100 _aAbdul Bari Co.
_949083
245 0 _aGuide to Dargah Khwaja Sahib
260 _c1950
650 _aRELIGION
942 _hQ7:458.28292, J0
_cTEXL
_2CC
999 _c151757
_d151757